000 00359nam a22001457a 4500
003 SGT
082 _a150
_bE24T
100 _aTREHAN, SRISHTI
245 _aEFFECT OF MINDFULNESS IN PROMOTING WELL-BEING AMONG ADOLESCENTS
260 _aGURUGRAM
_bSGT UNIVERSITY
_c2024
300 _a187
650 _aCLINICAL PSYCHOLOGY
653 _aPHD
942 _2ddc
_cTH
999 _c32419
_d32419